Co-operative banking in Uttar Pradesh (Record no. 12095)

MARC details
000 -LEADER
fixed length control field 00422nam a2200145Ia 4500
082 ## - DEWEY DECIMAL CLASSIFICATION NUMBER
Classification number TB.0125
100 ## - MAIN ENTRY--AUTHOR NAME
Personal name Bisen, B.B. Singh
245 #0 - TITLE STATEMENT
Title Co-operative banking in Uttar Pradesh
260 ## - PUBLICATION, DISTRIBUTION, ETC. (IMPRINT)
Year of publication 1971
Name of publisher University of Lucknow
300 ## - PHYSICAL DESCRIPTION
Number of Pages 337
650 ## - SUBJECT ADDED ENTRY--TOPICAL TERM
Topical Term Banks and Banking, Cooperative
Geographic subdivision Uttar Pradesh
650 ## - SUBJECT ADDED ENTRY--TOPICAL TERM
Topical Term Agricultural cooperative credit associations
Geographic subdivision Uttar Pradesh
710 ## - ADDED ENTRY--CORPORATE NAME
Corporate name or jurisdiction name as entry element Sarkar, K.C.
942 ## - ADDED ENTRY ELEMENTS (KOHA)
Koha item type Thesis
Source of classification or shelving scheme Dewey Decimal Classification
Holdings
Withdrawn status Lost status Damaged status Not for loan Home library Current library Date acquired Full call number Accession Number Price effective from Koha item type
        NASSDOC Library NASSDOC Library 08/10/2004 TB.0125 9069 18/04/2019 Thesis